[Event "Bern op"]
[Site "Bern"]
[Date "1992.??.??"]
[Round "4"]
[White "Cvitan, Ognjen"]
[Black "Kharlov, Andrei"]
[Result "1/2-1/2"]
[WhiteElo "2505"]
[BlackElo "2545"]

1.Nf3 d5 2.c4 e6 3.d4 c6 4.e3 Nf6 5.Nc3 Nbd7 6.Bd3 dxc4 7.Bxc4 b5 8.Bd3 Bb7
9.e4 b4 10.Na4 c5 11.e5 Nd5 12.dxc5 Nxc5 13.Bb5+ Nd7 14.Bg5 Qa5 15.Bxd7+ Kxd7
16.O-O h6 17.Bd2 Bc6 18.b3 Bxa4 19.bxa4 Bc5 20.a3 Rhc8 21.Rb1 Rab8 22.Ne1 Ke8
23.Qg4 Qxa4 24.axb4 Bf8 25.Nf3 Qb5 26.Ra1 Rc4 27.Qg3 Qb6 28.h3 Rbc8 29.Rfd1 a6
30.Nh2 Nc3 31.Bxc3 Rxc3 32.Nf3 R8c4 33.Ra2 Rxb4 34.Rd6 Bxd6 35.exd6 Rd4 36.Qxg7 Rd1+
37.Kh2 Rxf3 38.d7+ Kxd7 39.gxf3 Ke7 40.Qxh6 Qb1 41.Qg5+ Kd7 42.Rd2+ Rxd2
43.Qxd2+ Ke8 44.Qd4 Qf5 45.Qh8+ Ke7 46.Qh4+ Ke8  1/2-1/2

[Event "Bethune op"]
[Site "Bethune"]
[Date "1992.??.??"]
[Round "?"]
[White "Bouhallel, Rabah"]
[Black "Shevelev, Sergei"]
[Result "0-1"]
[WhiteElo "2230"]
[BlackElo "2385"]

1.d4 Nf6 2.Nf3 d5 3.c4 e6 4.Nc3 c6 5.e3 Nbd7 6.Bd3 Be7 7.O-O O-O 8.b3 b6
9.Bb2 Bb7 10.Qe2 c5 11.cxd5 exd5 12.Rfd1 Re8 13.Rac1 Bd6 14.Ba6 Bxa6 15.Qxa6 cxd4
16.Rxd4 Nc5 17.Qe2 a6 18.g3 Ne6 19.Rdd1 Be7 20.Qd3 Nc5 21.Qf5 g6 22.Qh3 Qd6
23.Ne2 Qe6 24.Ng5 Qxh3 25.Nxh3 Nce4 26.Rc6 Rac8 27.Rdc1 Rxc6 28.Rxc6 Nd7
29.Nhf4 Bc5 30.Nxd5 Rd8 31.Bd4 Bxd4 32.Nxd4 Ne5 33.Rc8 Rxc8 34.Ne7+ Kf8 35.Nxc8 b5
36.f3 Nc3 37.a4 bxa4 38.bxa4 Nxa4 39.f4 Nc4 40.e4 f6 41.Nc6 Ke8 42.N8a7 Nc3
43.e5 fxe5 44.fxe5 a5  0-1

[Event "Biel op"]
[Site "Biel"]
[Date "1992.??.??"]
[Round "1"]
[White "Tukmakov, Vladimir B"]
[Black "Gilles, Raphael"]
[Result "1-0"]
[WhiteElo "2570"]
[BlackElo "2285"]

1.d4 d5 2.c4 c6 3.Nc3 e6 4.e3 Nf6 5.Nf3 Nbd7 6.Bd3 dxc4 7.Bxc4 b5 8.Bd3 Bb7
9.O-O b4 10.Ne4 Nxe4 11.Bxe4 Nf6 12.Bd3 Be7 13.Qe2 O-O 14.e4 c5 15.dxc5 Nd7
16.c6 Bxc6 17.Be3 Qa5 18.Nd4 Rfc8 19.Ba6 Rc7 20.Nxc6 Rxc6 21.Bb7  1-0

[Event "Biel op"]
[Site "Biel"]
[Date "1992.??.??"]
[Round "1"]
[White "Eberlein, Wolfgang"]
[Black "Portisch, Lajos"]
[Result "0-1"]
[WhiteElo "2285"]
[BlackElo "2595"]

1.c4 e6 2.Nc3 d5 3.d4 c6 4.e3 Nf6 5.Nf3 Nbd7 6.Qc2 Bd6 7.b3 O-O 8.Bb2 e5
9.cxd5 cxd5 10.dxe5 Nxe5 11.Be2 Be6 12.O-O Rc8 13.Rac1 Nc6 14.Qd1 a6 15.Na4 Qe7
16.Nd4 Nxd4 17.Qxd4 b5 18.Nc3 Ba3 19.Nb1 Bxb2 20.Qxb2 Ne4 21.a4 bxa4 22.bxa4 a5
23.Bd3 Qb4 24.Qd4 Nc5 25.Bc2 Qxd4 26.exd4 Na6 27.Nc3 Rxc3 28.Bxh7+ Kxh7 29.Rxc3 Nb4
30.Rc7 Bf5 31.Ra7 Nc6 32.Ra6 Bd7 33.Rb1 Re8 34.f3 Re2 35.Rbb6 Rc2 36.Rb5 Nb4
37.Raxa5 Bxb5 38.axb5 Nd3 39.g3 Ne1 40.Ra3 Rb2 41.Rc3 Nc2 42.f4 Kg6 43.Rc5 Ne3  0-1

[Event "Biel op"]
[Site "Biel"]
[Date "1992.??.??"]
[Round "2"]
[White "Zoler, Dan"]
[Black "Kuczynski, Robert"]
[Result "1-0"]
[WhiteElo "2370"]
[BlackElo "2525"]

1.d4 d5 2.c4 c6 3.Nf3 Nf6 4.Nc3 e6 5.e3 Nbd7 6.Qc2 Bd6 7.b3 O-O 8.Be2 Re8
9.O-O Qe7 10.Rd1 b6 11.Bb2 Bb7 12.e4 Nxe4 13.Nxe4 dxe4 14.Qxe4 Nf6 15.Qh4 c5
16.Ne5 cxd4 17.Bxd4 Qc7 18.Bf3 Bxe5 19.Bxe5 Qxe5 20.Bxb7 Rad8 21.f4 Rxd1+
22.Rxd1 Qe2 23.Qe1 Qxa2 24.Qc3 Qa3 25.Bf3 h5 26.g3 Qc5+ 27.Kg2 Rc8 28.b4 Qf5
29.Rc1 h4 30.Qd4 h3+ 31.Kg1 e5 32.Qxe5 Qd3 33.Qc3 Qf5 34.c5 bxc5 35.bxc5 Ne4
36.Qd3 Nxg3 37.Qxf5 Nxf5 38.Bg4 g6 39.Bxh3 Kg7 40.Bxf5 gxf5 41.Kf2 Kf6 42.Ke3 Ke6
43.Kd4 Rd8+ 44.Kc4 Rh8 45.Kb5 Kd7 46.Ra1 Rxh2 47.c6+ Kd8 48.Rxa7 Rf2 49.Kb6 Rb2+
50.Kc5 Rf2 51.Kd6 Rd2+ 52.Ke5 Rc2 53.Rd7+ Kc8 54.Rxf7 Rxc6 55.Kxf5 Kd8 56.Rf6 Rc5+
57.Kg6 Ke8 58.f5 Rc1 59.Ra6 Rf1 60.Kf6 Rh1 61.Ra8+ Kd7  1-0

[Event "Biel op"]
[Site "Biel"]
[Date "1992.??.??"]
[Round "3"]
[White "Tukmakov, Vladimir B"]
[Black "Zoler, Dan"]
[Result "1-0"]
[WhiteElo "2570"]
[BlackElo "2370"]

1.d4 Nf6 2.c4 e6 3.Nf3 d5 4.Nc3 c6 5.e3 Nbd7 6.Bd3 Be7 7.O-O O-O 8.b3 b6
9.Bb2 Bb7 10.Qe2 c5 11.cxd5 exd5 12.Rfd1 Re8 13.Rac1 Rc8 14.Bb5 Bd6 15.Rc2 Qe7
16.Ba6 Bxa6 17.Qxa6 Bb8 18.g3 Qe6 19.Qe2 Ne4 20.dxc5 Nxc3 21.Bxc3 bxc5 22.Qd3 Nf6
23.Bxf6 Qxf6 24.Kg2 Red8 25.Rcd2 g6 26.e4 dxe4 27.Qxe4 Re8 28.Qc4 Re6 29.Rd5 Rec6
30.Ng5 h6 31.Ne4 Qg7 32.Rd7 Be5 33.R1d5 Bd4 34.b4 Be5 35.Rxc5  1-0

[Event "Biel op"]
[Site "Biel"]
[Date "1992.??.??"]
[Round "5"]
[White "Sokolin, Leonid M"]
[Black "Law, Andrew P"]
[Result "0-1"]
[WhiteElo "2435"]
[BlackElo "2340"]

1.d4 Nf6 2.c4 e6 3.Nf3 d5 4.Nc3 c6 5.e3 Nbd7 6.Qc2 Bd6 7.Be2 O-O 8.O-O dxc4
9.Bxc4 a6 10.Bd2 c5 11.a4 b6 12.d5 exd5 13.Nxd5 Bb7 14.e4 h6 15.Bc3 Nxd5
16.exd5 Nf6 17.Rad1 Nxd5 18.Bxd5 Bxd5 19.Rxd5 Bxh2+ 20.Nxh2 Qxd5 21.Ng4 Rad8
22.Qe2 Qd3 23.Qe5 Qg6 24.Ne3 Rfe8 25.Qc7 a5 26.Nc4 Qd3 27.Ne5 Qd5 28.Qxb6 Rd6
29.Qxa5 Rxe5 30.Bxe5 Qxe5 31.b4 Rd4 32.b5 Kh7 33.Qa8 Qe2 34.g3 c4 35.Qc6 Rd1
36.Qg2 c3 37.Rxd1 Qxd1+ 38.Kh2 c2 39.Qe4+ g6 40.Qc4 Kg7 41.Qc3+ Kf8 42.Qc5+ Ke8
43.Qc8+ Ke7 44.Qc7+ Ke6 45.Qc4+ Kd6 46.Qc6+ Ke5 47.Qc5+ Ke4 48.Qe7+ Kd4 49.Qe3+ Kc4
50.Qe4+ Kb3 51.Qe3+ Ka2  0-1

[Event "Biel op"]
[Site "Biel"]
[Date "1992.??.??"]
[Round "6"]
[White "Tukmakov, Vladimir B"]
[Black "Shabalov, Alexander"]
[Result "0-1"]
[WhiteElo "2570"]
[BlackElo "2525"]

1.d4 d5 2.c4 c6 3.Nf3 Nf6 4.Nc3 e6 5.e3 Nbd7 6.Qc2 Bd6 7.Be2 O-O 8.O-O dxc4
9.Bxc4 b5 10.Be2 Re8 11.Rd1 Qc7 12.b3 e5 13.h3 a6 14.Bb2 exd4 15.Nxd4 Bb7
16.Nf5 Bf8 17.Nd5 Nxd5 18.Rxd5 Re6 19.Rad1 Nb6 20.R5d2 c5 21.Bg4 Rae8 22.Nd4 Rg6
23.Nf3 Be4 24.Qc3 b4 25.Qc1 h5 26.Bxh5 Rh6 27.Bg4 f5 28.Nh2 fxg4 29.Nxg4 Rc6
30.f3 Bf5 31.e4 Bxg4 32.hxg4 c4 33.bxc4 Rxc4 34.Qb1 Bc5+ 35.Kf1 Qh2  0-1

[Event "Biel op"]
[Site "Biel"]
[Date "1992.??.??"]
[Round "7"]
[White "Cvitan, Ognjen"]
[Black "Shabalov, Alexander"]
[Result "1/2-1/2"]
[WhiteElo "2550"]
[BlackElo "2525"]

1.Nf3 d5 2.c4 c6 3.e3 Nf6 4.Nc3 e6 5.d4 Nbd7 6.Bd3 dxc4 7.Bxc4 b5 8.Bd3 Bb7
9.e4 b4 10.Na4 c5 11.e5 Nd5 12.dxc5 Nxc5 13.Bb5+ Nd7 14.Bg5 Qa5 15.Bxd7+ Kxd7
16.O-O Bc6 17.b3 h6 18.Be3 Bxa4 19.bxa4 Be7 20.Nd4 Rhc8 21.Qh5 g6 22.Qf3 Ke8
23.Nb5 Qxa4 24.Nd6+ Bxd6 25.exd6 Qd7 26.Bxh6 Qxd6 27.Rad1 Rc3 28.Qe4 Kd7
29.Bd2 Rac8 30.Bxc3 bxc3 31.Rd4 c2 32.Rc1 Qa3 33.Rxd5+ exd5 34.Qxd5+ Ke8
35.Qe5+ Kf8 36.Qh8+ Ke7 37.Qe5+ Kf8 38.Qh8+  1/2-1/2

[Event "Biel"]
[Site "Biel"]
[Date "1992.??.??"]
[Round "13"]
[White "Karpov, Anatoly"]
[Black "Shirov, Alexei"]
[Result "1-0"]
[WhiteElo "2715"]
[BlackElo "2710"]

1.d4 d5 2.c4 c6 3.Nc3 Nf6 4.e3 e6 5.Nf3 Nbd7 6.Qc2 Bd6 7.Be2 O-O 8.O-O dxc4
9.Bxc4 b5 10.Be2 Re8 11.Rd1 Qc7 12.b3 e5 13.h3 Bb7 14.Bb2 a6 15.dxe5 Nxe5
16.a4 Rad8 17.Ng5 Qe7 18.Nce4 Nxe4 19.Nxe4 Bb4 20.Ng3 f6 21.Bxe5 Qxe5 22.Bd3 h6
23.Bg6 Rf8 24.Nf5 c5 25.axb5 axb5 26.Ra7 Qc7 27.Nh4 Rxd1+ 28.Qxd1 Ra8 29.Qg4 Qc6
30.Rxb7 Qxb7 31.Qe6+ Kh8 32.Be4  1-0

[Event "Bled op"]
[Site "Bled"]
[Date "1992.??.??"]
[Round "4"]
[White "Sorokin, Maxim"]
[Black "Zorman, Vojko"]
[Result "1-0"]
[WhiteElo "2570"]
[BlackElo "2270"]

1.d4 d5 2.c4 c6 3.Nc3 Nf6 4.e3 e6 5.Nf3 Ne4 6.Bd3 Bb4 7.Qc2 f5 8.O-O O-O
9.Ne2 Nd7 10.Ne1 Bd6 11.f3 Nef6 12.Bd2 Qe8 13.cxd5 cxd5 14.Qb3 Nb6 15.Bb4 Qe7
16.Bxd6 Qxd6 17.Nc2 Bd7 18.Qa3 Qxa3 19.Nxa3 Rac8 20.b3 Rc7 21.h3 g5 22.Rac1 Rxc1
23.Rxc1 Rc8 24.Rd1 Rc7 25.Kf2 Nc8 26.Nb1 Nd6 27.Nbc3 b5 28.a3 a5 29.Rc1 Kf7
30.Na2 Rxc1 31.Naxc1 Bc6 32.Nc3 Nd7 33.Be2 e5 34.dxe5 Nxe5 35.f4 gxf4 36.exf4 Nd7
37.Ke3 Nc5 38.Bf3 a4 39.bxa4 Nc4+ 40.Kf2 bxa4 41.Nb1 Ne4+ 42.Ke1 Ke7 43.g4 Kd6
44.Nd3 Bd7 45.g5 d4 46.Nb4 Be6 47.h4 Nc3 48.Nxc3 dxc3 49.Bd1 Nxa3 50.Bxa4 Kc5
51.Nc2 Nxc2+ 52.Bxc2 Kd4 53.Kf2 Bf7 54.Bxf5 Bg6 55.Bxg6 hxg6  1-0

[Event "Bled op"]
[Site "Bled"]
[Date "1992.??.??"]
[Round "6"]
[White "Bukic, Enver"]
[Black "Sherbakov, Ruslan"]
[Result "1/2-1/2"]
[WhiteElo "2455"]
[BlackElo "2495"]

1.d4 d5 2.c4 e6 3.Nc3 c6 4.e3 Nf6 5.Nf3 Nbd7 6.Qc2 Bd6 7.Be2 O-O 8.O-O dxc4
9.Bxc4 b5 10.Be2 Bb7 11.e4 e5 12.dxe5 Nxe5 13.Nxe5 Bxe5 14.Bg5 Re8 15.Rad1 Qe7
16.Kh1 h6 17.Bxf6 Bxf6 18.Bd3 Rad8 19.f4  1/2-1/2

[Event "Bled op"]
[Site "Bled"]
[Date "1992.??.??"]
[Round "6"]
[White "Jelen, Iztok"]
[Black "Furlan, Miha"]
[Result "1-0"]
[WhiteElo "2425"]
[BlackElo "2255"]

1.d4 d5 2.c4 c6 3.Nc3 Nf6 4.e3 e6 5.Nf3 Nbd7 6.Bd3 dxc4 7.Bxc4 b5 8.Bd3 Bb7
9.O-O b4 10.Ne4 Be7 11.Nxf6+ Nxf6 12.e4 O-O 13.e5 Nd7 14.Be4 Rb8 15.Be3 c5
16.Bxb7 Rxb7 17.d5 exd5 18.Qxd5 Qb6 19.Bg5 Re8 20.Bxe7 Rxe7 21.Rac1 Rc7 22.Rfd1 Nf8
23.Nd2 Red7 24.Qf3 Qa6 25.Qb3 Qe2 26.Nc4 Ne6 27.Re1 Qh5 28.Nd6 h6 29.Qd5 Rd8
30.Qe4 Qg5 31.Re3 Nf4 32.Rc4 Ne6 33.f4 Qh5 34.f5 Nd4 35.Rc1 Re7 36.Rxc5 Qd1+
37.Re1 Qd2 38.Rd5 Rxd6 39.Rxd6 Nf3+ 40.gxf3  1-0

[Event "Bogota Lat Cup"]
[Site "Bogota"]
[Date "1992.??.??"]
[Round "9"]
[White "Ruiz, Alciguel"]
[Black "Toth, Christian Endre"]
[Result "1/2-1/2"]
[WhiteElo "2295"]
[BlackElo "2380"]

1.d4 d5 2.c4 e6 3.Nf3 c6 4.e3 Nf6 5.Nc3 Nbd7 6.Qc2 Bd6 7.Be2 O-O 8.O-O Re8
9.b3 Qe7 10.Bb2 dxc4 11.bxc4 e5 12.d5 e4 13.dxc6 bxc6 14.Nd4 Qe5 15.g3 Bb7
16.Rfd1 Bf8 17.Rab1 Qc7 18.Ba1 Rad8 19.Nf5 g6 20.Nh4 Bg7 21.Bf1 Bc8 22.Rd2 Nc5
23.Rbd1 g5 24.Ng2 Bf5 25.Rxd8 Rxd8 26.Rxd8+ Qxd8 27.Ne2 Qd6 28.Nd4 Be6 29.Bc3 Nfd7
30.Ne1 h6 31.Bh3  1/2-1/2

[Event "Bratislava op"]
[Site "Bratislava"]
[Date "1992.??.??"]
[Round "5"]
[White "Dydyshko, Viacheslav"]
[Black "Panchenko, Alexander N"]
[Result "1-0"]
[WhiteElo "2505"]
[BlackElo "2465"]

1.d4 Nf6 2.c4 e6 3.Nf3 d5 4.Nc3 c6 5.e3 Nbd7 6.Qc2 Bd6 7.Be2 O-O 8.O-O Qe7
9.e4 Nxe4 10.Nxe4 dxe4 11.Qxe4 c5 12.Bg5 Nf6 13.Qc2 cxd4 14.Nxd4 Bxh2+ 15.Kxh2 Ng4+
16.Bxg4 Qxg5 17.Qe4 f5 18.Nxf5 exf5 19.Qd5+ Rf7 20.Bf3 Qh6+ 21.Kg1 Be6 22.Qe5 g5
23.Rfe1 g4 24.Bxg4 fxg4 25.Qxe6 Qf4 26.Re2 Rd8 27.Rae1 Rd6 28.Qe8+ Kg7 29.Qe5+ Rdf6
30.Qxf4 Rxf4 31.b3 Rd4 32.Re4 Rd2 33.R1e2 Rd1+ 34.Kh2 h5 35.Kg3 Rf1 36.Re6 Kh7
37.R6e5 Kg6 38.Re6+ Kh7 39.Kh4 R1xf2 40.Kxh5 g3 41.Kh4 Rg7 42.Re7 a5 43.Kh3 b6
44.a4  1-0

[Event "Brno"]
[Site "Brno"]
[Date "1992.??.??"]
[Round "4"]
[White "Ftacnik, Lubomir"]
[Black "Blatny, Pavel"]
[Result "1/2-1/2"]
[WhiteElo "2535"]
[BlackElo "2515"]

1.d4 Nf6 2.Nf3 d5 3.c4 c6 4.Nc3 e6 5.e3 Nbd7 6.Qc2 Bd6 7.Be2 O-O 8.O-O Re8
9.b3 Qe7 10.Bb2 b6 11.Rad1 Bb7 12.e4 Nxe4 13.Nxe4 dxe4 14.Qxe4 f5 15.Qe3 c5
16.Ne5 cxd4 17.Bxd4 Rad8 18.a4 Be4 19.Nxd7 Rxd7 20.Bd3 Bxd3 21.Rxd3 e5 22.Bc3 e4
23.Rd5 Bc5 24.Rxd7 Qxd7 25.Qd2 Qxd2 26.Bxd2 Rd8 27.Bf4 Rd3 28.Rb1 a5 29.Kf1 h6
30.h4 Kf7 31.h5 Rc3 32.Rb2 Ba3 33.Rb1 Bc5 34.Rb2 Ke6 35.Bd2 Rd3 36.b4 Bd4
37.Rc2 axb4 38.Bxb4 Rb3 39.Bd2 Ra3 40.a5 bxa5 41.c5 Kd7 42.c6+ Kc8 43.Rc4 Ra1+
44.Ke2 Bb6 45.g4 Rh1 46.gxf5 Rxh5 47.Rxe4 Rxf5 48.Bf4 Rf8 49.Bg3 Bc7 50.Re7 Bxg3
51.fxg3 Rf6 52.Ra7 Rg6 53.Kf3 Rg5 54.g4 g6 55.Rg7 Kb8 56.Rb7+ Kc8 57.Rg7 h5
58.gxh5 Rxh5 59.Rxg6  1/2-1/2

[Event "Bucharest"]
[Site "Bucharest"]
[Date "1992.??.??"]
[Round "?"]
[White "Badea, Bela"]
[Black "Itkis, Boris"]
[Result "1/2-1/2"]
[WhiteElo "2435"]
[BlackElo "2450"]

1.c4 Nf6 2.Nc3 e6 3.d4 d5 4.Nf3 c6 5.e3 Nbd7 6.Qc2 Bd6 7.Be2 O-O 8.O-O dxc4
9.Bxc4 b5 10.Be2 Bb7 11.Rd1  1/2-1/2

[Event "Bucharest-B"]
[Site "Bucharest"]
[Date "1992.??.??"]
[Round "?"]
[White "Marinelli, Tullio"]
[Black "Micalizzi, Giovanni"]
[Result "1/2-1/2"]
[WhiteElo "2320"]
[BlackElo "2325"]

1.d4 d5 2.Nf3 Nf6 3.c4 e6 4.Nc3 c6 5.e3 Nbd7 6.Bd3 dxc4 7.Bxc4 b5 8.Bd3 a6
9.e4 c5 10.e5 cxd4 11.Nxb5 axb5 12.exf6  1/2-1/2

[Event "Spring op"]
[Site "Budapest"]
[Date "1992.??.??"]
[Round "?"]
[White "Cvitan, Ognjen"]
[Black "Lisik, Valery"]
[Result "1-0"]
[WhiteElo "2505"]
[BlackElo "2475"]

1.d4 d5 2.c4 c6 3.Nc3 Nf6 4.e3 e6 5.Nf3 Nbd7 6.Bd3 dxc4 7.Bxc4 b5 8.Bd3 Bb7
9.e4 b4 10.Na4 c5 11.e5 Nd5 12.dxc5 Bxc5 13.Nxc5 Nxc5 14.Bb5+ Kf8 15.O-O h6
16.Nd4 g6 17.Qg4 Kg7 18.a3 a5 19.Bd2 h5 20.Qe2 Qh4 21.Qc4 Qe7 22.axb4 Ne4
23.Nxe6+ fxe6 24.Qxe4 Nc3 25.Bg5 Bxe4 26.Bxe7 Nxb5 27.Bf6+ Kf7 28.Bxh8 Rxh8
29.bxa5 Ke7 30.Ra4 Bd5 31.Rc1 Kd7 32.Rb4 Na7 33.Rb6 Rc8 34.Rxc8 Kxc8 35.f4 Kc7
36.Kf2 Nc6 37.Rb5 Nd4 38.Rc5+ Kb7 39.g3 Nf5 40.b4 Nh6 41.h3 Nf5 42.g4 hxg4
43.hxg4 Ne7 44.b5 Be4 45.Rc3  1-0

[Event "Budapest GM"]
[Site "Budapest"]
[Date "1992.??.??"]
[Round "?"]
[White "Horvath, Jozsef"]
[Black "Kharlov, Andrei"]
[Result "1/2-1/2"]
[WhiteElo "2480"]
[BlackElo "2545"]

1.d4 d5 2.Nf3 c6 3.c4 e6 4.e3 Nf6 5.Nc3 Nbd7 6.Qc2 Bd6 7.Be2 O-O 8.O-O dxc4
9.Bxc4 a6 10.Rd1 c5 11.dxc5 Bxc5 12.Bd3 Qc7 13.Ne4 Nxe4 14.Bxe4 Nf6 15.Bd2 Nxe4
16.Qxe4 Be7 17.Rac1 Qb6 18.Bc3 f6 19.Qc4 Qb5 20.Qxb5 axb5 21.a3 Rd8 22.Rxd8+ Bxd8
23.Rd1 Bc7 24.h3 Ra6 25.Nd4 Bd7 26.Bb4 e5 27.Nb3 Bc6 28.Nc5 Ra8 29.Kf1 Re8
30.Nb3 Rd8 31.Rxd8+ Bxd8 32.f3 Bd5 33.Nc5 b6 34.Ne4 Kf7 35.Ke2 Ke6 36.Nc3 Bc4+
37.Kf2 f5 38.g3 g6 39.Nb1 h5 40.h4 f4 41.Bd2 fxg3+ 42.Kxg3 Be7 43.b4 g5 44.hxg5 Bxg5
45.Nc3 Bd3 46.Ne4 Be7 47.Nf2 Bf1 48.e4 Kf6 49.Bc3 Ke6 50.Bd2 Kf7 51.Be3 Kg6
52.Nh3 Bf8 53.Bxb6 Bh6 54.Bc7 Kf6 55.Bd8+ Kf7 56.Bg5 Kg6 57.Bxh6 Kxh6 58.Ng1 Kg5
59.Kf2 Bc4 60.Nh3+ Kh4 61.Ng1 Kg5 62.Nh3+ Kh4  1/2-1/2

[Event "Budapest GM"]
[Site "Budapest"]
[Date "1992.??.??"]
[Round "?"]
[White "Tunik, Gennady"]
[Black "Lukacs, Peter"]
[Result "1/2-1/2"]
[WhiteElo "2450"]
[BlackElo "2490"]

1.d4 d5 2.Nf3 Nf6 3.c4 e6 4.Nc3 c6 5.e3 Nbd7 6.Bd3 dxc4 7.Bxc4 b5 8.Be2 b4
9.Na4 Bb7 10.O-O Be7 11.Nd2 c5 12.Nxc5 Nxc5 13.dxc5 O-O 14.Nb3 a5 15.Bb5 Qc7
16.c6 Bxc6 17.Bxc6 Qxc6 18.Nd4 Qa6  1/2-1/2

[Event "Budapest ExpFS"]
[Site "Budapest"]
[Date "1992.??.??"]
[Round "?"]
[White "Adorjan, Andras"]
[Black "Varga, Zoltan"]
[Result "1/2-1/2"]
[WhiteElo "2550"]
[BlackElo "2480"]

1.Nf3 d5 2.d4 c6 3.c4 e6 4.e3 Nf6 5.Nc3 Nbd7 6.Qc2 Bd6 7.Be2 O-O 8.O-O dxc4
9.Bxc4 a6 10.Rd1 c5 11.dxc5 Bxc5 12.Bd3 h6 13.b3 b5 14.Bb2 Bb7 15.Ne4 Be7
16.Ne5 Rc8 17.Qe2 Nxe5 18.Bxe5 Nxe4 19.Bxe4  1/2-1/2

[Event "Budapest ExpFS"]
[Site "Budapest"]
[Date "1992.??.??"]
[Round "?"]
[White "Adorjan, Andras"]
[Black "Lukacs, Peter"]
[Result "1/2-1/2"]
[WhiteElo "2550"]
[BlackElo "2455"]

1.d4 d5 2.c4 c6 3.e3 Nf6 4.Nf3 e6 5.Nc3 Nbd7 6.Qc2 Bd6 7.Be2 O-O 8.O-O Re8
9.h3 b6 10.b3 Bb7 11.Bb2 Qe7 12.e4 Nxe4 13.Nxe4 dxe4 14.Qxe4  1/2-1/2

[Event "Elekes mem"]
[Site "Budapest"]
[Date "1992.??.??"]
[Round "2"]
[White "Schlosser, Philipp"]
[Black "Feher, Gyula"]
[Result "1-0"]
[WhiteElo "2485"]
[BlackElo "2405"]

1.c4 c6 2.d4 d5 3.e3 Nf6 4.Nc3 e6 5.Nf3 Nbd7 6.Qc2 Bd6 7.Be2 O-O 8.O-O dxc4
9.Bxc4 b5 10.Bd3 Bb7 11.Rd1 Qc7 12.a3 Rfe8 13.h3 Rac8 14.Ng5 g6 15.Bd2 Bf8
16.Rac1 Qb8 17.b4 a5 18.Qb3 axb4 19.axb4 Nd5 20.Nce4 h6 21.Nf3 Bg7 22.Nc5 Nxc5
23.Rxc5 Red8 24.Bf1 Qd6 25.Ne1 Nb6 26.Nd3 Ra8 27.Rcc1 Qd5 28.Nc5 Qxb3 29.Nxb3 Rac8
30.Be2 e5 31.dxe5 Bxe5 32.Be1 Nd5 33.Bf3 Bb2 34.Rc2 Bf6 35.Na5 Ba8 36.Rdc1 Rd6
37.Rc5 Ne7 38.Kf1 h5 39.Ke2 Kf8 40.g4 hxg4 41.hxg4 g5 42.Be4 Re6 43.f3 Re8
44.Bd2 Rc8 45.Nb3 Bb7 46.Bc3 Bxc3 47.R1xc3 f6 48.Nd4 Rd6 49.Ra3 Ra8 50.Rxa8+ Bxa8
51.Nxb5 cxb5 52.Bxa8 Rb6 53.Be4  1-0

[Event "Eurodata"]
[Site "Budapest"]
[Date "1992.??.??"]
[Round "3"]
[White "Anic, Darko"]
[Black "Lukacs, Peter"]
[Result "0-1"]
[WhiteElo "2395"]
[BlackElo "2455"]

1.Nf3 d5 2.d4 Nf6 3.c4 c6 4.Nc3 e6 5.e3 Nbd7 6.Bd3 dxc4 7.Bxc4 b5 8.Bd3 a6
9.e4 c5 10.d5 c4 11.dxe6 fxe6 12.Bc2 Qc7 13.O-O Bb7 14.Qe2 Bd6 15.Ng5 Nc5
16.f4 h6 17.e5 hxg5 18.Bg6+ Kf8 19.exd6 Qxd6 20.Qe5 Qc6 21.Qxg5 b4 22.Be3 Rc8
23.Ne2 Nce4 24.Qa5 Ng4 25.Qxb4+ Nd6 26.Rf3 Nxe3 27.Be4 Qxe4 28.Qxd6+ Kg8
29.Nc3 Qg6 30.Rg3 Nf5 31.Rxg6 Nxd6 32.Rxe6 Rh6 33.Re7 Kf8 34.Re5 Nf7 35.Re2 Rf6
36.Rf1 Rd8 37.Ref2 Rd4 38.g3 Rfd6 39.Re1 Bc6  0-1

[Event "Elekes mem"]
[Site "Budapest"]
[Date "1992.??.??"]
[Round "4"]
[White "Danner, Georg"]
[Black "Feher, Gyula"]
[Result "1-0"]
[WhiteElo "2355"]
[BlackElo "2405"]

1.d4 d5 2.c4 c6 3.Nf3 Nf6 4.e3 e6 5.Nc3 Nbd7 6.Bd3 dxc4 7.Bxc4 b5 8.Bd3 a6
9.e4 c5 10.d5 c4 11.Bc2 Qc7 12.O-O Bc5 13.dxe6 fxe6 14.Qe2 Ne5 15.Nxe5 Qxe5
16.Kh1 O-O 17.f4 Qh5 18.Qxh5 Nxh5 19.e5 g5 20.f5 exf5 21.Bxg5 Be6 22.Rad1 Rf7
23.Nd5 Raa7 24.Nf6+ Nxf6 25.exf6 h6 26.Bxf5 Bxf5 27.Rxf5 Rad7 28.Rxd7 Rxd7
29.g4 hxg5 30.Rxg5+ Kf7 31.Rxc5 Kxf6 32.Rf5+ Kg6 33.Kg2 b4 34.Ra5 Rd2+ 35.Kg3 Rxb2
36.Rxa6+ Kf7 37.Rc6 c3 38.a3 bxa3 39.Rxc3 a2 40.Rc7+ Kf6 41.Ra7 Ke5 42.h3 Rc2
43.Ra4 Kf6 44.Kh4 Rh2 45.Ra5  1-0

[Event "Eurodata"]
[Site "Budapest"]
[Date "1992.??.??"]
[Round "4"]
[White "Horvath, Csaba"]
[Black "Godena, Michele"]
[Result "1/2-1/2"]
[WhiteElo "2515"]
[BlackElo "2435"]

1.d4 d5 2.c4 e6 3.Nc3 c6 4.e3 Nf6 5.Nf3 a6 6.b3 Bb4 7.Bd2 Nbd7 8.Qc2 O-O
9.Rd1 Qe7 10.Bd3 dxc4 11.Bxc4 b5 12.Be2 c5 13.O-O  1/2-1/2

[Event "Statisztika IM"]
[Site "Budapest"]
[Date "1992.??.??"]
[Round "7"]
[White "Petran, Pal"]
[Black "Kiss, Pal"]
[Result "1/2-1/2"]
[WhiteElo "2470"]
[BlackElo "2410"]

1.d4 d5 2.c4 c6 3.Nc3 Nf6 4.Nf3 e6 5.e3 Nbd7 6.Bd3 dxc4 7.Bxc4 b5 8.Be2 Bb7
9.O-O Be7 10.e4 b4 11.e5 bxc3 12.exf6 Nxf6 13.bxc3 O-O 14.Rb1 Qc7 15.Bf4 Qxf4
16.Rxb7 Bd6 17.g3 Qf5 18.Nd2 Nd5 19.Rb3 Rab8 20.Nc4 Bc7 21.Qd2 Rfd8 22.Rd1 g6
23.Bd3 Qf3 24.Be2 Qf5  1/2-1/2

[Event "Elekes mem"]
[Site "Budapest"]
[Date "1992.??.??"]
[Round "11"]
[White "Danner, Georg"]
[Black "Lukacs, Peter"]
[Result "1/2-1/2"]
[WhiteElo "2355"]
[BlackElo "2490"]

1.d4 d5 2.c4 c6 3.Nc3 Nf6 4.e3 e6 5.Nf3 Nbd7 6.Bd3 dxc4 7.Bxc4 b5 8.Bd3 a6
9.e4 c5 10.d5 c4 11.dxe6 cxd3 12.exd7+ Qxd7 13.O-O  1/2-1/2

[Event "Eurodata"]
[Site "Budapest"]
[Date "1992.??.??"]
[Round "11"]
[White "Stangl, Markus"]
[Black "Lukacs, Peter"]
[Result "1/2-1/2"]
[WhiteElo "2475"]
[BlackElo "2455"]

1.c4 Nf6 2.Nf3 c6 3.d4 d5 4.Nc3 e6 5.e3 Nbd7 6.Qc2 Bd6 7.Be2 O-O 8.O-O Re8
9.Rd1 Qe7 10.e4 Nxe4 11.Nxe4 dxe4 12.Qxe4 e5 13.Bg5 f6 14.Be3 exd4 15.Qxe7 Bxe7
16.Nxd4 Bc5 17.Nf5 Bxe3 18.Nxe3 a5 19.Rd4 Nc5 20.Rad1 Be6  1/2-1/2

[Event "Budapest Nuovo"]
[Site "Budapest"]
[Date "1992.??.??"]
[Round "13"]
[White "Horvath, Jozsef"]
[Black "Lukacs, Peter"]
[Result "1-0"]
[WhiteElo "2480"]
[BlackElo "2490"]

1.d4 d5 2.c4 c6 3.Nf3 Nf6 4.Nc3 e6 5.e3 Nbd7 6.Qc2 Bd6 7.Be2 O-O 8.O-O dxc4
9.Bxc4 a6 10.Rd1 Qc7 11.Ne4 Nxe4 12.Qxe4 Nf6 13.Qh4 e5 14.Bd3 Bg4 15.dxe5 Bxe5
16.Bxh7+ Nxh7 17.Qxg4 Rad8 18.Rf1 Nf6 19.Qb4 c5 20.Qe1 Rd3 21.Rb1 Rfd8 22.h3 c4
23.Bd2 Rxd2 24.Nxd2 c3 25.bxc3 Bxc3 26.Rc1 Qa5 27.Rxc3 Qxc3 28.Nb3 Ne4 29.Qb1 Qd3
30.Nd4 Qxb1 31.Rxb1 b5 32.Rc1 b4 33.Rc2 a5 34.Nc6 Ra8 35.f3 Nc3 36.a3 Nd5
37.e4 Ne3 38.Re2 Ra6 39.Rxe3 Rxc6 40.axb4 axb4 41.Rb3 Rc4 42.Kf2 Rc2+ 43.Kg3 Rc4
44.Kf4 f6 45.h4 g6 46.Ke3 Kg7 47.g4 Kf7 48.Kd3 Rc8 49.Rxb4 Rh8 50.Rb7+ Ke6
51.Rb6+  1-0

[Event "Buehl rapid"]
[Site "Buehl"]
[Date "1992.??.??"]
[Round "8"]
[White "Schuh, Hubert"]
[Black "Gerstner, Wolfgang"]
[Result "0-1"]
[WhiteElo "2350"]
[BlackElo "2405"]

1.d4 d5 2.c4 e6 3.Nc3 Nf6 4.Nf3 c6 5.e3 Nbd7 6.b3 Bd6 7.Bb2 O-O 8.Qc2 Re8
9.Rd1 Qe7 10.Be2 dxc4 11.bxc4 e5 12.O-O e4 13.Nd2 Nf8 14.c5 Bc7 15.Nc4 Ng6
16.Ba3 Ng4 17.Nd6 Qh4 18.h3 Bxd6 19.cxd6 Nf6 20.d7 Bxd7 21.Bd6 Qg5 22.Kh2 Re6
23.Bg3 h5 24.Qb3 h4 25.Bc7 Re7 26.Bd6 Be6 27.Qa3 Rd7 28.Qb4 Nh7 29.Nxe4 Qd8  0-1

[Event "Buehl rapid"]
[Site "Buehl"]
[Date "1992.??.??"]
[Round "11"]
[White "Chuchelov, Vladimir"]
[Black "Gerstner, Wolfgang"]
[Result "1-0"]
[WhiteElo "2490"]
[BlackElo "2405"]

1.d4 d5 2.c4 e6 3.Nc3 c6 4.Nf3 Nf6 5.e3 Nbd7 6.Qc2 Bd6 7.Be2 O-O 8.O-O Re8
9.Rd1 Qe7 10.h3 a6 11.b3 b5 12.e4 dxe4 13.Nxe4 Nxe4 14.Qxe4 Nf6 15.Qh4 h6
16.Ne5 Bb7 17.Rd3 Nd7 18.Qg3 f6 19.Ng6 Bxg3 20.Nxe7+ Rxe7 21.Rxg3 e5 22.dxe5 Nxe5
23.Bf1 Kf7 24.Be3 Rd7 25.Rc1 Rad8 26.Be2 g5 27.f4 Nd3 28.Rf1 Kg6 29.Bb6 Nb4
30.Bxd8 Rxd8 31.a3 Nc2 32.Bd3+ Kg7 33.fxg5 hxg5 34.h4  1-0

[Event "Buenos Aires"]
[Site "Buenos Aires"]
[Date "1992.??.??"]
[Round "?"]
[White "Szmetan, Jorge"]
[Black "Morovic Fernandez, Ivan"]
[Result "1-0"]
[WhiteElo "2400"]
[BlackElo "2565"]

1.Nf3 d5 2.c4 c6 3.d4 Nf6 4.Nc3 e6 5.e3 Nbd7 6.Bd3 dxc4 7.Bxc4 b5 8.Bd3 Bb7
9.O-O a6 10.e4 c5 11.d5 c4 12.Bc2 Qc7 13.Nd4 e5 14.Nf5 g6 15.Nh6 Ng8 16.Nxg8 Rxg8
17.Qf3 Bd6 18.b3 b4 19.Nd1 a5 20.bxc4 Nc5 21.a3 Rb8 22.axb4 axb4 23.Nb2 Bc8
24.Nd3 Bd7 25.Nxc5 Bxc5 26.Ba4 Bd4 27.Bxd7+ Qxd7 28.Rb1 g5 29.Bd2 g4 30.Qg3 Rg6
31.Rxb4 Rxb4 32.Bxb4 Qa4 33.Ba3 Qxc4 34.Qh4 Qc7 35.Rc1 Qa7  1-0